Grammar of the Sentani language : with specimen texts and vocabulary /

Bibliographic Details
Main Author: Cowan, H. K. J. (Author)
Corporate Author: JSTOR (Organization)
Format: eBook
Language:English
Published: [Place of publication not identified] : Springer-Science+Business Media, 1965.
Series:Verhandelingen van het Koninklijk Instituut voor Taal-, Land- en Volkenkunde.
Subjects:
Online Access:Connect to the full text of this electronic book

MARC

Tag First Indicator Second Indicator Subfields
LEADER 00000cam a2200000Ii 4500
001 in00004635015
006 m o d
007 cr cnu---unuuu
008 140917s1965 xx b o 000 0 eng d
005 20230607143856.3
035 |a (OCoLC)ocn890717935 
040 |a GW5XE  |b eng  |e rda  |e pn  |c GW5XE  |d OCLCQ  |d UIU  |d AZU  |d COO  |d AU@  |d OCLCF  |d OCLCQ  |d OCLCO  |d LOA  |d UAB  |d OCLCQ  |d U3W  |d JSTOR  |d OCLCQ  |d OCLCA  |d OCLCO 
019 |a 908957156  |a 956738260 
020 |a 9789401763646  |q (electronic bk.) 
020 |a 940176364X  |q (electronic bk.) 
020 |a 9789401765886  |q (electronic bk.) 
020 |a 940176588X  |q (electronic bk.) 
020 |a 9789401764551  |q (electronic bk.) 
020 |a 9401764557  |q (electronic bk.) 
020 |z 9789401763554 
024 7 |a 10.1007/978-94-017-6364-6  |2 doi 
024 7 |a 10.1007/978-94-017-6588-6  |2 doi 
035 |a (OCoLC)890717935  |z (OCoLC)908957156  |z (OCoLC)956738260 
037 |a 22573/ctvbpgdp3  |b JSTOR 
050 4 |a PL6621.S44 
072 7 |a CB  |2 bicssc 
072 7 |a 2G  |2 bicssc 
072 7 |a FOR000000  |2 bisacsh 
082 0 4 |a 499.12  |2 22 
049 |a TXAM 
100 1 |a Cowan, H. K. J.,  |e author. 
245 1 0 |a Grammar of the Sentani language :  |b with specimen texts and vocabulary /  |c H.K.J. Cowan. 
264 1 |a [Place of publication not identified] :  |b Springer-Science+Business Media,  |c 1965. 
300 |a 1 online resource (vii, 88 pages) :  |b map 
336 |a text  |b txt  |2 rdacontent 
337 |a computer  |b c  |2 rdamedia 
338 |a online resource  |b cr  |2 rdacarrier 
347 |a text file  |b PDF  |2 rda 
490 1 |a Verhandelingen van het Koninklijk Instituut voor Taal-, Land- en Volkenkunde 
588 0 |a Online resource; title from PDF title page (SpringerLink, viewed Sep. 17, 2014). 
650 0 |a Sentani language  |x Grammar. 
650 7 |a Language and languages.  |2 fast  |0 (OCoLC)fst00992154 
650 7 |a Linguistics.  |2 fast  |0 (OCoLC)fst00999202 
650 7 |a Grammatik  |2 gnd 
651 7 |a Sentani-Sprache.  |2 swd 
655 7 |a Electronic books.  |2 local 
710 2 |a JSTOR (Organization) 
776 0 8 |i Print version:  |z 9789401764551 
830 0 |a Verhandelingen van het Koninklijk Instituut voor Taal-, Land- en Volkenkunde. 
856 4 0 |u https://www.jstor.org/stable/10.1163/j.ctvbqs8jg  |z Connect to the full text of this electronic book  |t 0 
955 |a JSTOR Open Access ebooks 
994 |a 92  |b TXA 
999 f f |s a51ba7a3-19b3-40ac-8c19-17ce8cc4614a  |i ddcec9c5-8348-4618-a721-09028532ae46  |t 0 
952 f f |a Texas A&M University  |b College Station  |c Electronic Resources  |d Available Online  |t 0  |e PL6621.S44   |h Library of Congress classification 
998 f f |a PL6621.S44   |t 0  |l Available Online